| 000 | 00808nam a2200277Ia 4500 | ||
|---|---|---|---|
| 003 | SMC | ||
| 005 | 20160712132535.0 | ||
| 008 | 160319s9999 xx 000 0 und d | ||
| 020 | _a971-08-6419-X | ||
| 050 | _aFIL LB 3051 | ||
| 050 | _b.C35 2004 c.2 | ||
| 100 | _aCalmorin, Laurentina P. | ||
| 245 | _aMeasurement and evaluation / | ||
| 245 | _cLaurentina P. Calmorin. | ||
| 250 | _a3rd Edition | ||
| 260 | _aMandaluyong: | ||
| 260 | _bNational Book Store, | ||
| 260 | _c2004 | ||
| 300 | _a328 pages : | ||
| 300 | _billustrations ; | ||
| 300 | _c22 cm. | ||
| 500 | _aIncludes bibliographical references and index. | ||
| 650 | _aEducational tests and measurements -- Study and teaching. | ||
| 650 | _xEducational tests and measurements -- Problems, exercises, etc. | ||
| 942 |
_2lcc _cBK |
||
| 999 |
_c291636 _d291636 |
||